000 00382cam a22001337a 4500
008 180718b1973 xxu||||| |||| 00| 0 eng d
082 _aT000 Ep52
100 _aEppler, Erhard
245 _aNot much time for the third world
_cby Erhard Eppler
260 _aDelhi
_bSterling Publ.
_c1973
300 _a143p.
650 _aEconomic assistance - German
650 _aEconomic development
999 _c476658
_d476658